[Event "Brno festival"]
[Site "?"]
[Date "2015.08.28"]
[Round "7"]
[White "Habina, Martin"]
[Black "Vechet, Stanislav"]
[Result "0-1"]
[WhiteElo "2010"]
[BlackElo "2168"]
[PlyCount "146"]

1. e4 e5 2. Nf3 Nc6 3. d4 exd4 4. Bc4 Nf6 5. O-O d6 6. Nxd4 Be7 7. Nc3 O-O 8.
h3 Re8 9. Be3 Bf8 10. f3 a6 11. Qd2 Ne5 12. Be2 c5 13. Nb3 Be6 14. Nd5 Nxd5 15.
exd5 Bd7 16. f4 Ng6 17. Rae1 Ne7 18. g4 Nxd5 19. Bxc5 dxc5 20. Qxd5 Qc7 21. Nd2
Rad8 22. Qg2 Bc6 23. Bf3 Rxe1 24. Rxe1 Qxf4 25. Ne4 Bxe4 26. Rxe4 Qc1+ 27. Qf1
Qxb2 28. c4 Bd6 29. Qe2 Qxe2 30. Bxe2 Kf8 31. Kf2 f6 32. Re3 b6 33. Rb3 Bc7 34.
a3 Rd4 35. Ke3 Ke7 36. a4 g6 37. Bd3 Ke6 38. Rb1 Bf4+ 39. Ke2 Rd6 40. Be4 Rd2+
41. Kf3 Bc7 42. Bb7 Rd3+ 43. Kf2 Rxh3 44. Re1+ Kf7 45. Bd5+ Kf8 46. Re6 Bd8 47.
Rd6 Ke7 48. Re6+ Kd7 49. a5 bxa5 50. Rxa6 h5 51. Be4 hxg4 52. Bxg6 Rf3+ 53. Kg2
Bc7 54. Bf7 Rf4 55. Bd5 g3 56. Kxg3 Rxc4+ 57. Kf3 Rd4 58. Be4 Ke7 59. Rc6 Bd6
60. Ra6 Ra4 61. Bd5 f5 62. Ke3 Ra3+ 63. Ke2 f4 64. Kf2 c4 65. Bxc4 Bc5+ 66. Ke2
f3+ 67. Kd2 Bb4+ 68. Kd1 Re3 69. Ra7+ Kd6 70. Rf7 Kc5 71. Ba6 a4 72. Bb7 a3 73.
Bxf3 Rxf3 0-1

[Event "Brno festival"]
[Site "?"]
[Date "2015.08.28"]
[Round "7"]
[White "Zpevakova, Jana"]
[Black "Tovarek, Antonin"]
[Result "1-0"]
[WhiteElo "1997"]
[BlackElo "1972"]
[PlyCount "85"]

1. d4 Nf6 2. c4 e6 3. Nc3 Bb4 4. Qc2 c5 5. e3 Nc6 6. Nf3 O-O 7. Bd3 d5 8. a3
cxd4 9. exd4 dxc4 10. Be2 Ba5 11. Be3 b5 12. O-O a6 13. Ne4 Qd5 14. Neg5 Bb7
15. Rad1 Ne7 16. Bf4 Ne4 17. Nh3 f6 18. Bg3 g5 19. Kh1 h5 20. Qc1 Nf5 21. Be5
fxe5 22. dxe5 Bd2 23. Rxd2 Nxd2 24. Rd1 Rf7 25. Rxd2 Qc6 26. Nhxg5 Rg7 27. Rd1
h4 28. h3 Rd7 29. Rxd7 Qxd7 30. Qf4 Rf8 31. Qg4 Bxf3 32. Bxf3 Ng7 33. Qxh4 Nf5
34. Qg4 Ng7 35. Ne4 Qd3 36. Nf6+ Kf7 37. Be4 Qf1+ 38. Kh2 Qxf2 39. Qg6+ Ke7 40.
Qxg7+ Rf7 41. Qg5 Qxb2 42. Bc6 Kd8 43. Nd5+ 1-0

[Event "Brno festival"]
[Site "?"]
[Date "2015.08.28"]
[Round "7"]
[White "Kozusek, Daniel"]
[Black "Musil, Jiri"]
[Result "1-0"]
[WhiteElo "2347"]
[BlackElo "2122"]
[PlyCount "93"]

1. e4 c5 2. Nf3 Nc6 3. d4 cxd4 4. Nxd4 d5 5. Nxc6 bxc6 6. exd5 Qxd5 7. Nc3
Qxd1+ 8. Nxd1 e5 9. Ne3 f5 10. Nc4 e4 11. Ne5 Bd7 12. Nxd7 Kxd7 13. Bf4 Bc5 14.
Rd1+ Ke7 15. Ba6 Rd8 16. O-O Nf6 17. Bb7 Bd6 18. Bc1 Kd7 19. Ba6 Kc7 20. g3 h6
21. Be3 g5 22. Bd4 Rhf8 23. c4 c5 24. Bc3 Kb6 25. Bb5 Ng4 26. h3 Nf6 27. Rd2 e3
28. Re2 exf2+ 29. Rexf2 f4 30. Re1 Ne8 31. Ba4 Nc7 32. g4 Rf7 33. Rd2 Rff8 34.
Bg7 Rg8 35. Bc3 Rg6 36. Red1 Re6 37. Bc2 Ne8 38. Bf5 Re3 39. Bf6 Be7 40. Rxd8
Bxf6 41. R1d7 Bd4 42. Rb8+ Ka6 43. Rxd4 cxd4 44. Bc8+ Ka5 45. Bd7 Nd6 46. b4+
Ka6 47. Bb5+ 1-0

[Event "Brno festival"]
[Site "?"]
[Date "2015.08.28"]
[Round "7"]
[White "Kubala, Karel"]
[Black "Lanc, Alois"]
[Result "0-1"]
[WhiteElo "1955"]
[BlackElo "2290"]
[PlyCount "38"]

1. d4 g6 2. Nf3 Bg7 3. e4 c5 4. d5 d6 5. Bb5+ Nd7 6. a4 a6 7. Bd3 Ngf6 8. Nc3
O-O 9. h3 Ne5 10. Nxe5 dxe5 11. Bc4 Ne8 12. O-O Nd6 13. Qe2 f5 14. f4 b5 15.
axb5 Nxc4 16. Qxc4 axb5 17. Qxb5 Rxa1 18. Qxc5 exf4 19. Ne2 fxe4 0-1

[Event "Brno festival"]
[Site "?"]
[Date "2015.08.28"]
[Round "7"]
[White "Stehlik, Jiri"]
[Black "Skacelik, Petr"]
[Result "0-1"]
[WhiteElo "1979"]
[BlackElo "2172"]
[PlyCount "78"]

1. Nf3 Nf6 2. d4 g6 3. Nc3 Bg7 4. e4 d6 5. h3 O-O 6. Be3 c6 7. a4 Nbd7 8. Qd2
e5 9. dxe5 dxe5 10. Bc4 Qe7 11. O-O Nc5 12. Bg5 Be6 13. Qe2 Bxc4 14. Qxc4 Ne6
15. Be3 Nd7 16. Rad1 Rfd8 17. Ne2 Ndc5 18. Nd2 Nd4 19. Bxd4 exd4 20. Ng3 b6 21.
b4 Nxa4 22. Rde1 Nc3 23. f4 b5 24. Qb3 a5 25. bxa5 Rxa5 26. Nb1 Nxb1 27. Qxb1
Ra3 28. Nh1 Re3 29. Nf2 h5 30. Qc1 Qa3 31. Qxa3 Rxa3 32. Nd3 Rc3 33. Rf2 c5 34.
e5 c4 35. Nb4 Bf8 36. Na6 d3 37. cxd3 cxd3 38. Rb2 d2 39. Rd1 Rc1 0-1

[Event "Brno festival"]
[Site "?"]
[Date "2015.08.28"]
[Round "7"]
[White "Straka, Vojtech"]
[Black "Kuchynka, Lubos"]
[Result "0-1"]
[WhiteElo "1770"]
[BlackElo "1980"]
[PlyCount "72"]

1. e4 c5 2. Nf3 g6 3. d4 cxd4 4. Nxd4 Nc6 5. c3 Bg7 6. Be3 Nf6 7. Nd2 O-O 8. f4
d6 9. Be2 Nd7 10. N2b3 Nxd4 11. Bxd4 e5 12. Bf2 exf4 13. Qxd6 Qg5 14. g3 Ne5
15. h4 Qh6 16. Nd4 Bd7 17. Nf3 fxg3 18. Nxe5 gxf2+ 19. Kf1 Be6 20. Nf3 Qe3 21.
Qd3 Qb6 22. Qb5 Qe3 23. Qd3 Bh6 24. Qxe3 Bxe3 25. b3 Rad8 26. Rd1 Rxd1+ 27.
Bxd1 Bg4 28. Kg2 Rd8 29. Nd4 Bc8 30. Nc2 Bb6 31. Bf3 Rd2 32. Nb4 f1=Q+ 33. Kxf1
Rf2+ 34. Ke1 Rxf3 35. Nd5 Bd8 36. Ke2 Rh3 0-1

[Event "Brno festival"]
[Site "?"]
[Date "2015.08.28"]
[Round "7"]
[White "Meszaros, Ludek"]
[Black "Zeman, Radek"]
[Result "0-1"]
[WhiteElo "2123"]
[BlackElo "1866"]
[PlyCount "92"]

1. Nf3 Nf6 2. g3 d5 3. Bg2 e6 4. O-O Be7 5. d3 c5 6. Nbd2 Nc6 7. e4 dxe4 8.
dxe4 O-O 9. c3 b6 10. Re1 Bb7 11. Qe2 Qc7 12. Nf1 Rfd8 13. Bf4 e5 14. Bg5 Ne8
15. Ne3 Bxg5 16. Nxg5 h6 17. Nd5 Qd6 18. Nf3 f5 19. Qc4 Kh8 20. Ne3 Na5 21. Qf7
fxe4 22. Nh4 Qf6 23. Qh5 Nd6 24. Ng6+ Kh7 25. Nxe5 Re8 26. N3g4 Qf5 27. Qxf5+
Nxf5 28. Bxe4 Bxe4 29. Rxe4 h5 30. Rf4 Nd6 31. Rd1 hxg4 32. Nxg4 Rad8 33. Rd5
Nc6 34. Rh5+ Kg6 35. Rd5 Nf7 36. Rdf5 Nce5 37. Nxe5+ Nxe5 38. h4 Rd2 39. Kg2
Re2 40. Kf1 Nd3 41. Rg5+ Kh6 42. Rf7 Rxb2 43. g4 Ree2 44. Rd5 Rxf2+ 45. Rxf2
Nxf2 46. Rd6+ g6 0-1

[Event "Brno festival"]
[Site "?"]
[Date "2015.08.28"]
[Round "7"]
[White "Zuziak, Petr"]
[Black "Dumkova, Daniela"]
[Result "1/2-1/2"]
[WhiteElo "1985"]
[BlackElo "1777"]
[PlyCount "46"]

1. d4 Nf6 2. Nf3 e6 3. e3 b6 4. Bd3 Bb7 5. Nbd2 c5 6. O-O d6 7. b3 Nbd7 8. Bb2
Be7 9. c4 O-O 10. Qe2 Qc7 11. Rac1 Rfd8 12. a3 Rac8 13. Rfd1 Qb8 14. h3 Qa8 15.
e4 cxd4 16. Bxd4 Nc5 17. Bxc5 dxc5 18. Bb1 Nd7 19. e5 Nf8 20. Be4 Rc7 21. Bxb7
Qxb7 22. Ne4 Rcd7 23. Nc3 Ng6 {(R)} 1/2-1/2

[Event "Brno festival"]
[Site "?"]
[Date "2015.08.28"]
[Round "7"]
[White "Fryda, Dominik"]
[Black "Spodny, Josef"]
[Result "1/2-1/2"]
[WhiteElo "1584"]
[BlackElo "1959"]
[PlyCount "44"]

1. e4 c5 2. Nf3 Nc6 3. d4 cxd4 4. Nxd4 e5 5. Nxc6 bxc6 6. Nc3 Nf6 7. Be2 d6 8.
O-O Be7 9. Be3 O-O 10. Bf3 Be6 11. Bg5 h6 12. Bh4 Qc7 13. Re1 Rfd8 14. Bg3 Nh7
15. Qe2 Ng5 16. Bg4 Bxg4 17. Qxg4 Ne6 18. Rad1 Qc8 19. Ne2 Nd4 20. Qxc8 Nxe2+
21. Rxe2 Raxc8 22. Rd3 Rb8 1/2-1/2

[Event "Brno festival"]
[Site "?"]
[Date "2015.08.28"]
[Round "7"]
[White "Licka, Vlastimil"]
[Black "Krejci, Petr"]
[Result "1-0"]
[WhiteElo "1950"]
[BlackElo "2047"]
[PlyCount "99"]

1. d4 d5 2. Nf3 Nf6 3. c4 dxc4 4. e3 e6 5. Bxc4 c5 6. O-O Nbd7 7. Nc3 a6 8. a4
Qc7 9. d5 Nb6 10. b3 exd5 11. Nxd5 Nbxd5 12. Bxd5 Nxd5 13. Qxd5 Be6 14. Qe4
O-O-O 15. Qc2 Kb8 16. Ba3 Bd6 17. Rac1 Rc8 18. h3 Qb6 19. Nd2 Qc6 20. Nc4 Be7
21. Rfd1 Qc7 22. Bb2 f6 23. Qe4 Bf7 24. Bc3 Bxc4 25. Qxc4 Rhe8 26. Rd5 Red8 27.
Rcd1 Rxd5 28. Rxd5 Qc6 29. a5 Qb5 30. e4 Qxc4 31. bxc4 Rd8 32. Kf1 Kc7 33. Ke2
Rxd5 34. exd5 b5 35. axb6+ Kxb6 36. g4 a5 37. Kd3 a4 38. Kc2 Bd6 39. Kb2 Be5
40. Bxe5 fxe5 41. Ka3 Ka5 42. f3 h6 43. h4 g6 44. h5 g5 45. d6 Kb6 46. d7 Kc7
47. d8=Q+ Kxd8 48. Kxa4 Kc7 49. Kb5 Kd6 50. Kb6 1-0

[Event "Brno festival"]
[Site "?"]
[Date "2015.08.28"]
[Round "7"]
[White "Janous, Petr"]
[Black "Glozar, Petr"]
[Result "0-1"]
[WhiteElo "1883"]
[BlackElo "1588"]
[PlyCount "102"]

1. d4 Nf6 2. Nf3 g6 3. Bf4 Bg7 4. e3 O-O 5. h3 d6 6. Be2 Bf5 7. O-O c5 8. c3
Qb6 9. Qc1 Nh5 10. Bh2 Nf6 11. Nbd2 Nc6 12. Rd1 Rac8 13. Nc4 Qa6 14. Bf1 b5 15.
Na3 cxd4 16. Bxb5 Qb6 17. Nxd4 Nxd4 18. exd4 Rb8 19. b3 Rfc8 20. Bd3 Bxd3 21.
Rxd3 Ne4 22. Nc4 Qa6 23. Qe3 Qb7 24. Re1 Nf6 25. Bxd6 exd6 26. Nxd6 Qa6 27.
Nxc8 Rxc8 28. Qd2 Bh6 29. f4 Bxf4 30. Qxf4 Qxd3 31. Qxf6 Qxc3 32. Re7 Qc1+ 33.
Kh2 Rf8 34. Rxa7 Qb2 35. Qf4 Qc2 36. Qc7 Qd2 37. Qe5 Rd8 38. Qf6 Rf8 39. a3 Qb2
40. b4 Qb3 41. Qd6 Re8 42. d5 Qa2 43. b5 Re2 44. Ra8+ Kg7 45. Qf8+ Kf6 46. Ra6+
Kg5 47. h4+ Kh5 48. Kh3 Rxg2 49. Qd6 Qf2 50. Qe5+ f5 51. Ra4 Qf3+ 0-1

[Event "Brno festival"]
[Site "?"]
[Date "2015.08.28"]
[Round "7"]
[White "Krajicek, Filip"]
[Black "Zitny, Petr"]
[Result "1-0"]
[WhiteElo "1663"]
[BlackElo "1848"]
[PlyCount "95"]

1. d4 g6 2. Nf3 Bg7 3. e3 d6 4. Bd3 Nd7 5. b3 e5 6. Bb2 Qe7 7. Nc3 c6 8. dxe5
Nxe5 9. Nxe5 Bxe5 10. Qe2 a5 11. f4 Bg7 12. O-O-O Nh6 13. h3 a4 14. Nxa4 Bxb2+
15. Kxb2 b5 16. Nb6 Rb8 17. Nxc8 Rxc8 18. g4 Ra8 19. Qd2 Qa7 20. Ra1 Qa3+ 21.
Kb1 Qc5 22. b4 Qd5 23. e4 Qd4 24. c3 Qb6 25. Bc2 Rd8 26. Qd4 Qxd4 27. cxd4 Ng8
28. Kb2 Ne7 29. a4 O-O 30. axb5 cxb5 31. Rhd1 Rb8 32. Bb3 Nc6 33. Ra6 Rfc8 34.
d5 Nxb4 35. Rxd6 Kf8 36. Rd4 Ke7 37. e5 Nxd5 38. R4xd5 Rc7 39. Rd3 b4 40. Rf6
Ke8 41. Rdd6 Re7 42. Rb6 Reb7 43. Bxf7+ Ke7 44. Rxb7+ Rxb7 45. Bd5 Rb5 46. Bc4
Ra5 47. Rf7+ Kd8 48. Rxh7 1-0

[Event "Brno festival"]
[Site "?"]
[Date "2015.08.28"]
[Round "7"]
[White "Perutka, Tomas"]
[Black "Kopecek, Ivan"]
[Result "0-1"]
[WhiteElo "1756"]
[BlackElo "1952"]
[PlyCount "70"]

1. e4 e5 2. Nf3 Nc6 3. Bc4 Nf6 4. d3 Bc5 5. c3 d6 6. O-O Bg4 7. Nbd2 O-O 8. Re1
Bb6 9. h3 Bh5 10. Nf1 Qd7 11. Ng3 Bg6 12. a4 h6 13. Nh4 Bh7 14. Nhf5 a6 15. Qf3
Kh8 16. Nxh6 Nd8 17. Bg5 Ng8 18. Bxd8 Nxh6 19. Bg5 f5 20. Qh5 f4 21. Nh1 Ng8
22. a5 Ba7 23. Bb3 Nf6 24. Bxf6 Rxf6 25. Qf3 Bg8 26. Bxg8 Rxg8 27. Kf1 Rh6 28.
Ke2 g5 29. Qg4 Qf7 30. g3 Qh7 31. Qf5 Rxh3 32. Qxh7+ Kxh7 33. Kd2 Rh2 34. gxf4
gxf4 35. Rg1 Bxf2 0-1

[Event "Brno festival"]
[Site "?"]
[Date "2015.08.28"]
[Round "7"]
[White "Effenberger, Adam"]
[Black "Paulik, Martin"]
[Result "1/2-1/2"]
[WhiteElo "1785"]
[BlackElo "1891"]
[PlyCount "102"]

1. e4 Nf6 2. e5 Nd5 3. d4 d6 4. c4 Nb6 5. exd6 cxd6 6. Nc3 g6 7. Nf3 Bg7 8. Be3
Nc6 9. Rc1 O-O 10. Be2 e5 11. O-O f5 12. dxe5 dxe5 13. Qxd8 Rxd8 14. Bg5 Rf8
15. Be3 {(R)} e4 16. Ng5 h6 17. Nh3 g5 18. f3 exf3 19. gxf3 f4 20. Bxb6 Bxh3
21. Bc5 Rf5 22. Nd5 Bxf1 23. Bxf1 b6 24. Ba3 Bd4+ 25. Kg2 Kg7 26. b4 Re8 27.
Rd1 Be5 28. Bd3 Rf7 29. Be4 Nd4 30. Kf2 Nf5 31. c5 bxc5 32. bxc5 Ne7 33. Nxe7
Rfxe7 34. c6 Rf7 35. Rc1 Rb8 36. Rc2 Kf6 37. h3 h5 38. Ke2 Rb1 39. c7 Bxc7 40.
Rxc7 Rb5 41. Rc6+ Ke5 42. Kd3 Rd7+ 43. Kc4 Rb8 44. Bc5 g4 45. Rh6 g3 46. Rxh5+
Kf6 47. Bd4+ Rxd4+ 48. Kxd4 Rg8 49. Rf5+ Ke7 50. Re5+ Kf6 51. Rf5+ Ke7 1/2-1/2

[Event "Brno festival"]
[Site "?"]
[Date "2015.08.28"]
[Round "7"]
[White "Halamka, Radek"]
[Black "Kaplan, Milan"]
[Result "1-0"]
[WhiteElo "1741"]
[BlackElo "1815"]
[PlyCount "105"]

1. d4 Nf6 2. Nf3 e6 3. c4 b6 4. g3 Ba6 5. Qc2 Bb7 6. Bg2 Be7 7. Nc3 d6 8. O-O
Nbd7 9. Rd1 c6 10. e4 Qc7 11. Bg5 h6 12. Bxf6 Bxf6 13. Rac1 Rc8 14. Qa4 O-O 15.
Ne2 c5 16. Qc2 cxd4 17. Nfxd4 a6 18. Qd2 Rfd8 19. Kh1 Ne5 20. b3 Qe7 21. h3 g5
22. Qe3 Ng6 23. Kg1 Rc5 24. Nc3 Qc7 25. Na4 Ra5 26. Kh2 h5 27. Qe2 Kg7 28. Kg1
h4 29. g4 Nf4 30. Qe3 Rb8 31. Ne2 Nxg2 32. Kxg2 Bc6 33. Nec3 Qb7 34. f3 b5 35.
b4 Rxa4 36. Nxa4 bxa4 37. a3 Rd8 38. Rc2 Be7 39. Qc3+ Kg6 40. Qd3 Kh6 41. Qc3
Rf8 42. Rb1 Qa8 43. b5 axb5 44. cxb5 Bb7 45. Qb4 f5 46. gxf5 exf5 47. Rc7 fxe4
48. Rxe7 exf3+ 49. Kf2 Rf6 50. Qd4 Kg6 51. Qd3+ Be4 52. Qxe4+ Qxe4 53. Rxe4 1-0

[Event "Brno festival"]
[Site "?"]
[Date "2015.08.28"]
[Round "7"]
[White "Hruza, Dominik"]
[Black "Dvorakova, Olga"]
[Result "1/2-1/2"]
[WhiteElo "1652"]
[BlackElo "1446"]
[PlyCount "58"]

1. e4 c5 2. Nf3 d6 3. c3 Nf6 4. Qc2 Nc6 5. d4 cxd4 6. cxd4 Bg4 7. d5 Bxf3 8.
gxf3 Ne5 9. Be2 Rc8 10. Nc3 g6 11. f4 Ned7 12. Be3 Bg7 13. O-O Nc5 14. Bb5+
Nfd7 15. Rac1 O-O 16. f3 a6 17. Be2 f5 18. Kh1 b5 19. a3 Nb6 20. Qb1 Nb3 21.
Rcd1 Nc4 22. Bxc4 bxc4 23. Ne2 Qd7 24. Bd4 Nxd4 25. Nxd4 Bxd4 26. Rxd4 Qb5 27.
Qc1 c3 28. b4 Rc4 29. Rfd1 fxe4 {(R)} 1/2-1/2

[Event "Brno festival"]
[Site "?"]
[Date "2015.08.28"]
[Round "7"]
[White "Tajovsky, Matej"]
[Black "Jurak, Stanislav"]
[Result "0-1"]
[WhiteElo "1556"]
[BlackElo "1835"]
[PlyCount "74"]

1. d4 d5 2. c4 e6 3. Nc3 Nf6 4. Bg5 Be7 5. Nf3 O-O 6. e3 Nbd7 7. Bd3 Re8 8. O-O
dxc4 9. Bxc4 c6 10. a4 Qc7 11. Qc2 Nb6 12. Bd3 h6 13. Bxf6 Bxf6 14. Ne4 Be7 15.
Ne5 Nd5 16. Qe2 Nf6 17. Qf3 Rf8 18. Nxf6+ Bxf6 19. Qe4 g6 20. Ng4 Bg7 21. h4 f5
22. Qf3 fxg4 23. Qxg4 Qf7 24. Bxg6 Qf6 25. Bd3 e5 26. Qg3 exd4 27. exd4 Qf4 28.
Bc4+ Kh8 29. Qb3 Bxd4 30. Qc2 Bf5 31. Qe2 Rae8 32. Qh5 Bh7 33. Rad1 Bxf2+ 34.
Kh1 Qxh4+ 35. Qxh4 Bxh4 36. Rxf8+ Rxf8 37. Rd7 Rb8 0-1

[Event "Brno festival"]
[Site "?"]
[Date "2015.08.28"]
[Round "7"]
[White "Blazek, Pavel"]
[Black "Vavrinkova, Eliska"]
[Result "1-0"]
[WhiteElo "1769"]
[BlackElo "1695"]
[PlyCount "69"]

1. Nc3 d5 2. e4 d4 3. Nce2 e5 4. Ng3 Nf6 5. Bc4 b6 6. a3 Bb7 7. d3 h6 8. f4
Nbd7 9. Nf3 Bd6 10. Nf5 O-O 11. O-O Rc8 12. Qe1 Nh5 13. Nxd6 cxd6 14. fxe5 dxe5
15. Nh4 Ndf6 16. Rf5 Bxe4 17. Rxh5 Nxh5 18. Qxe4 Qc7 19. Bxh6 Qc6 20. Qxc6 Rxc6
21. Bd2 g6 22. Re1 b5 23. Bb3 Re8 24. g4 Ng7 25. Nf3 Rc7 26. Nxe5 Rce7 27.
Bxf7+ Rxf7 28. Nxf7 Kxf7 29. Rxe8 Nxe8 30. Kf2 Ke6 31. Kf3 Ke5 32. h4 Nf6 33.
c4 bxc4 34. dxc4 d3 35. Bc3+ 1-0

[Event "Brno festival"]
[Site "?"]
[Date "2015.08.28"]
[Round "7"]
[White "Lisik, Miroslav"]
[Black "Kosina, Vladimir"]
[Result "1/2-1/2"]
[WhiteElo "1692"]
[BlackElo "1734"]
[PlyCount "108"]

1. e4 c5 2. Nc3 a6 3. g3 e6 4. Bg2 Nc6 5. d3 d6 6. f4 g6 7. Nf3 Bg7 8. O-O Nge7
9. g4 h5 10. h3 Qc7 11. Be3 Bd7 12. d4 b6 13. Qd2 O-O-O 14. Rab1 hxg4 15. hxg4
f5 16. d5 Na5 17. Ng5 Nc4 18. Qe2 Nxe3 19. Rf3 exd5 20. exd5 Rde8 21. Nf7 fxg4
22. Rxe3 Bd4 23. Qxa6+ Kb8 24. Rbe1 Nf5 25. Nxh8 Rxh8 26. Kf2 Qa7 27. Qxa7+
Kxa7 28. Nd1 Nxe3 29. Nxe3 Re8 30. c3 Bf6 31. Rh1 Re7 32. Rh6 Rg7 33. Kg3 Be7
34. Nxg4 b5 35. Ne3 Kb7 36. Be4 Be8 37. Kf3 Kc7 38. f5 Bg5 39. Rh5 Bxe3 40.
Kxe3 gxf5 41. Bxf5 Bd7 42. Rh7 Rxh7 43. Bxh7 Kd8 44. Kf4 Ke7 45. Kg5 Bh3 46.
Bd3 Bg2 47. c4 b4 48. a3 bxa3 49. bxa3 Kd7 50. Kf6 Kc7 51. Ke7 Bh3 52. a4 Bc8
53. Be2 Ba6 54. a5 Bc8 {(R)} 1/2-1/2

[Event "Brno festival"]
[Site "?"]
[Date "2015.08.28"]
[Round "7"]
[White "Feldvabl, Vilem"]
[Black "Glacner, Karel"]
[Result "1/2-1/2"]
[WhiteElo "1628"]
[BlackElo "1550"]
[PlyCount "83"]

1. d4 Nf6 2. Nf3 c5 3. c3 e6 4. Bf4 Be7 5. e3 O-O 6. h3 b6 7. Bd3 Bb7 8. O-O
Na6 9. Nbd2 d5 10. b3 Nc7 11. Qe2 a6 12. a4 Nce8 13. Ne5 Nd7 14. Qh5 Nef6 15.
Qe2 Ne4 16. Rfc1 f5 17. f3 Nxd2 18. Qxd2 g5 19. Nxd7 Qxd7 20. Be5 Bf6 21. f4
Qg7 22. Kh2 Qh6 23. fxg5 Bxg5 24. Bf4 Rf7 25. Rg1 Rg7 26. Raf1 Rf8 27. Qe2 Qg6
28. Bxa6 Bxf4+ 29. Rxf4 Qg3+ 30. Kh1 Rf6 31. Bxb7 Rh6 32. Qf2 Qxf2 33. Rxf2
Rxb7 34. Ra2 Rh4 35. Re1 Re4 36. Kg1 cxd4 37. cxd4 Rc7 38. Rb2 Rc3 39. Kf2 h5
40. g3 Kf7 41. Ree2 Ke7 42. Re1 1/2-1/2

[Event "Brno festival"]
[Site "?"]
[Date "2015.08.28"]
[Round "7"]
[White "Barak, David"]
[Black "Vavrinkova, Anna"]
[Result "1-0"]
[WhiteElo "1625"]
[BlackElo "1399"]
[PlyCount "51"]

1. d4 d5 2. Bg5 c6 3. Nf3 Bg4 4. e3 Nd7 5. c4 Ngf6 6. Nc3 Ne4 7. Bf4 e6 8. a3
Qa5 9. Qc2 Nxc3 10. Qxc3 Qxc3+ 11. bxc3 Bxf3 12. gxf3 O-O-O 13. c5 Be7 14. Bd3
h6 15. Ke2 Rhe8 {(R)} 16. Rhb1 Bf6 17. Kf1 e5 18. Bg3 exd4 19. cxd4 g6 20. Ra2
Nf8 21. a4 Ne6 22. a5 a6 23. Kg2 h5 24. h3 Rd7 25. Bxa6 bxa6 26. Rb8# 1-0

[Event "Brno festival"]
[Site "?"]
[Date "2015.08.28"]
[Round "7"]
[White "Zikan, Karel"]
[Black "Koci, Tereza"]
[Result "1-0"]
[WhiteElo "1735"]
[BlackElo "1621"]
[PlyCount "57"]

1. Nf3 c5 2. c4 Nc6 3. Nc3 Nf6 4. g3 g6 5. Bg2 Bg7 6. O-O O-O 7. d4 cxd4 8.
Nxd4 a6 9. e3 Qc7 10. b3 Nxd4 11. exd4 e6 12. Bb2 Rd8 13. Qd2 d5 14. cxd5 exd5
15. Rac1 Qd6 16. Rfe1 b6 17. Qg5 Bb7 18. Qe5 Qd7 19. Qe7 Rac8 20. Qxd7 Rxd7 21.
Bh3 Ng4 22. Bxg4 f5 23. Bf3 Bxd4 24. Na4 Bc5 25. a3 Rdc7 26. b4 Bxf2+ 27. Kxf2
Rc2+ 28. Rxc2 Rxc2+ 29. Re2 1-0

[Event "Brno festival"]
[Site "?"]
[Date "2015.08.29"]
[Round "8"]
[White "Polak, Tomas"]
[Black "Chudinovskikh, Alexander"]
[Result "1-0"]
[WhiteElo "2524"]
[BlackElo "2275"]
[PlyCount "85"]

1. d4 Nf6 2. c4 e6 3. Nf3 d5 4. Nc3 Be7 5. Bf4 O-O 6. e3 c5 7. dxc5 Bxc5 8.
cxd5 Nxd5 9. Nxd5 exd5 10. a3 Nc6 11. Bd3 Bb6 12. O-O Bg4 13. h3 Bh5 14. b4 a6
15. Rc1 Re8 16. Rc2 Ne5 17. Be2 Nxf3+ 18. Bxf3 Bxf3 19. Qxf3 Qd7 20. Rd1 Qa4
21. Rc3 a5 22. bxa5 Bxa5 23. Rcd3 Qe4 24. Rxd5 Qxf3 25. gxf3 Bc3 26. Bd6 g6 27.
R1d3 Bf6 28. Bb4 Rac8 29. Rd7 Red8 30. Rxd8+ Rxd8 31. Rxd8+ Bxd8 32. a4 f5 33.
Kf1 Kf7 34. Ke2 Ke6 35. Bc3 Kd5 36. Kd3 Kc5 37. e4 Bh4 38. Bd4+ Kb4 39. Bb6 Bf6
40. Bc7 Kc5 41. Bb8 b6 42. Bf4 Kb4 43. Bd6+ 1-0

[Event "Brno festival"]
[Site "?"]
[Date "2015.08.29"]
[Round "8"]
[White "Novosadova, Kristyna"]
[Black "Zwardon, Vojtech"]
[Result "0-1"]
[WhiteElo "2226"]
[BlackElo "2398"]
[PlyCount "62"]

1. e4 c5 2. Nf3 Nc6 3. Nc3 g6 4. d4 cxd4 5. Nxd4 Bg7 6. Be3 Nf6 7. Bc4 O-O 8.
Bb3 a5 9. O-O Nxd4 10. Bxd4 d6 11. Qe2 Bd7 12. a4 Bc6 13. Rad1 Nd7 14. Bxg7
Kxg7 15. Bd5 Qb6 16. Nb5 Bxb5 17. axb5 Rfc8 18. Ba2 a4 19. Rd5 Nf6 20. Rd2 Rc5
21. c4 Re5 22. Bb1 Nxe4 23. Bxe4 f5 24. Rd5 Rxe4 25. Qd3 Rc8 26. Rc1 Rcxc4 27.
Qxc4 Rxc4 28. Rxc4 e6 29. Rd2 Qxb5 30. Rc7+ Kf6 31. Rxh7 a3 0-1

[Event "Brno festival"]
[Site "?"]
[Date "2015.08.29"]
[Round "8"]
[White "Vechet, Stanislav"]
[Black "Roubalik, Jakub"]
[Result "1/2-1/2"]
[WhiteElo "2168"]
[BlackElo "2379"]
[PlyCount "75"]

1. d4 Nf6 2. c4 e6 3. g3 d5 4. Bg2 dxc4 5. Qa4+ Bd7 6. Qxc4 Bc6 7. Nf3 Nbd7 8.
Nc3 Be7 9. O-O O-O 10. Rd1 a6 11. a3 Bd6 12. Qd3 Qe8 13. Bf4 h6 14. Rac1 Nb6
15. Bxd6 cxd6 16. e4 d5 17. e5 Ne4 18. Nd2 Nxd2 19. Qxd2 Nc4 20. Qc2 b5 21. Nb1
Rc8 22. b3 Na5 23. Qc3 Qd8 24. Qb4 Qb6 25. Bf1 Bd7 26. a4 Rxc1 27. Rxc1 Nc6 28.
Qd6 Rd8 29. axb5 axb5 30. Na3 Be8 31. Qc5 Qxc5 32. dxc5 b4 33. Nc2 Nxe5 34. f4
Nc6 35. Bb5 Rb8 36. Bxc6 Bxc6 37. Nd4 Rc8 38. Kf2 1/2-1/2

[Event "Brno festival"]
[Site "?"]
[Date "2015.08.29"]
[Round "8"]
[White "Fiala, Vaclav"]
[Black "Vyskocil, Neklan"]
[Result "1/2-1/2"]
[WhiteElo "2241"]
[BlackElo "2376"]
[PlyCount "101"]

1. e4 c5 2. c3 d5 3. exd5 Qxd5 4. d4 Nf6 5. Nf3 Bg4 6. Qa4+ Bd7 7. Qb3 Qxb3 8.
axb3 e6 9. Na3 Nc6 10. dxc5 Bxc5 11. b4 Bb6 12. Nc4 O-O 13. Nxb6 axb6 14. Rxa8
Rxa8 15. Be2 Nd5 16. O-O Ra1 17. b5 Na5 18. c4 Nb3 19. Bg5 Rxf1+ 20. Kxf1 f6
21. cxd5 fxg5 22. Ne5 Bc8 23. d6 Nc5 24. Bc4 Kf8 25. b4 Nd7 26. Nf3 g4 27. Ng5
Ne5 28. Nxe6+ Kf7 29. Ng5+ Kg6 30. Be6 Bxe6 31. Nxe6 Kf6 32. Nd8 Nc4 33. Nxb7
Ke6 34. Nc5+ Kxd6 35. Na4 Kd5 36. Ke2 Kd4 37. f3 gxf3+ 38. Kxf3 Ke5 39. Nc3 Nd6
40. Na4 Nc4 41. h4 h5 42. g4 g6 43. gxh5 gxh5 44. Nc5 bxc5 45. bxc5 Kf5 46. b6
Na5 47. Ke3 Ke5 48. Kf3 Kf5 49. Ke3 Ke5 50. Kf3 Kf5 51. Ke3 1/2-1/2

[Event "Brno festival"]
[Site "?"]
[Date "2015.08.29"]
[Round "8"]
[White "Strebkovs, Andrejs"]
[Black "Dvorak, Adam"]
[Result "1-0"]
[WhiteElo "2358"]
[BlackElo "2230"]
[PlyCount "59"]

1. c4 Nf6 2. g3 e6 3. b3 d5 4. Nf3 Bd6 5. Bb2 Nbd7 6. Bg2 c6 7. O-O O-O 8. d3
Qe7 9. Nbd2 Ba3 10. Qc1 Bxb2 11. Qxb2 Re8 12. b4 e5 {(R)} 13. cxd5 Nxd5 14. a3
N7b6 15. Nb3 Bg4 16. Nc5 Rad8 17. Rac1 f5 18. e4 Nc7 19. Qb3+ Qf7 20. Qxf7+
Kxf7 21. Nxb7 Rxd3 22. Ng5+ Kg6 23. h4 Ne6 24. Rxc6 f4 25. Nc5 f3 26. Nxd3 fxg2
27. Re1 Kh5 28. f3 Bxf3 29. Nxf3 Kg4 30. Kxg2 1-0

[Event "Brno festival"]
[Site "?"]
[Date "2015.08.29"]
[Round "8"]
[White "Skacelik, Petr"]
[Black "Kozusek, Daniel"]
[Result "1/2-1/2"]
[WhiteElo "2172"]
[BlackElo "2347"]
[PlyCount "31"]

1. d4 Nf6 2. c4 e6 3. Nc3 Bb4 4. Qc2 O-O 5. a3 Bxc3+ 6. Qxc3 b6 7. Bg5 Bb7 8.
e3 d6 9. Ne2 Nbd7 10. f3 h6 11. Bh4 e5 12. O-O-O Re8 13. Qc2 e4 14. f4 c6 15.
Nc3 Nf8 16. Be2 {(R)} 1/2-1/2

[Event "Brno festival"]
[Site "?"]
[Date "2015.08.29"]
[Round "8"]
[White "Lanc, Alois"]
[Black "Zpevakova, Jana"]
[Result "1-0"]
[WhiteElo "2290"]
[BlackElo "1997"]
[PlyCount "77"]

1. e4 e6 2. d4 d5 3. Nc3 Bb4 4. Nge2 Ne7 5. a3 Bxc3+ 6. Nxc3 dxe4 7. Nxe4 O-O
8. c3 b6 9. Bd3 Nd7 10. f4 h6 11. Qe2 Bb7 12. Bd2 Re8 13. O-O-O f5 14. Nf2 Nd5
15. Rhg1 c5 16. g4 cxd4 17. c4 Qc7 18. Nh3 Nc5 19. Kb1 Nxd3 20. cxd5 Bxd5 21.
Bc1 Nc5 22. g5 Be4+ 23. Ka2 Qd7 24. b3 Rac8 25. gxh6 Re7 26. Nf2 Qd5 27. Qc4
Qxc4 28. bxc4 d3 29. Bb2 Nb7 30. Bxg7 Kh7 31. Nh3 Rxc4 32. Ng5+ Kg8 33. Bb2 Bd5
34. Kb1 Nc5 35. Rg3 Na4 36. h7+ Rxh7 37. Nxh7+ Kxh7 38. Rdg1 Nxb2 39. Rh3# 1-0

[Event "Brno festival"]
[Site "?"]
[Date "2015.08.29"]
[Round "8"]
[White "Pokorny, Petr"]
[Black "Zeman, Radek"]
[Result "1-0"]
[WhiteElo "2164"]
[BlackElo "1866"]
[PlyCount "55"]

1. d4 d5 2. c4 e6 3. Nc3 Nf6 4. cxd5 exd5 5. Bg5 Be7 6. e3 c6 7. Qc2 Bg4 8.
Nge2 Bh5 9. Nf4 Bg6 10. Nxg6 hxg6 11. Bd3 Nbd7 12. h3 O-O 13. O-O Re8 14. Rab1
Ne4 15. Bf4 Bd6 16. Bxe4 Bxf4 17. Bxd5 cxd5 18. exf4 Nf6 19. Rfe1 Qd6 20. Re5
a6 21. Qb3 Ne4 22. Qxd5 Qxd5 23. Nxd5 Rxe5 24. dxe5 Rd8 25. Rd1 Kf8 26. Nc3 Nd2
27. f3 Ke7 28. Kf2 1-0